000 00704nam a2200289Ia 4500
005 20260324121313.0
008 008 260324s9999 xx 000 0 eng d
020 _a9781315547350
037 _aEBOOK
040 _aCRL
040 _beng
040 _cCRL
041 _2eng
041 _aeng
084 _qCRL
100 _aVally Lytra
_91161993
245 0 _aWhen Greeks and Turks Meet
245 0 _bInterdisciplinary Perspectives on the Relationship Since 1923
260 _bTaylor and Francis
260 _c2014
365 _a
365 _b230
856 _uhttp://www.taylorfrancis.com/books/9781315547350
942 _cEBOOK
999 _c1754012
_d1754012